000 01027cam a22001814a 4500
005 20250605163454.0
008 250528s ||||||||||||||||||||||||d
035 _a19954
020 _a195219155
040 _aGR-AtMCL
_bgre
_dGR-AtMCL
_eAACR2
245 1 _aHuman Development Report 2002 / Deepening Democracy in a Fragmented World
260 _bOxford University Press,
_c2002
300 _a278
520 _aThis book examines political participation as a dimension of human development. Overview, Deepening Democracy in a Fragmented World, Human Development Balance Sheet, The State and Progress of Human Development, Democratic Governance for Human Development, Deepening Democracy by Tackling Democratic Deficits, Democratizing Security to Prevent Conflict and Build Peace, Deepening Democracy at the Global Level, Special Contributions, Boxes, Tables, Figures, Features, Human Development Indicators, Human and Labor Rights Instruments, Technical Notes, Index.
942 _cBK
999 _c5192
_d5192